| 000 | 01124nam a22002777a 4500 | ||
|---|---|---|---|
| 001 | BD-DhSAU 9278 | ||
| 003 | BD-DhSAU | ||
| 005 | 20220901122755.0 | ||
| 008 | 150613b2021 bg ad||| m||| 00| 0 eng d | ||
| 040 | _aBD-DhSAU | ||
| 082 |
_222 _a631.4 _bM5803 |
||
| 100 |
_aMia, Md. Anik _eRegistration # 19-10134 |
||
| 245 |
_aEffect of different organic manures on growth and yield of tomato (Lycopersicon esculentum) / _bMS thesis _cMd. Anik Mia |
||
| 260 |
_aSher-e-Bangla Agricultural University : _bDepartment of Soil Science, _cJune, 2021 |
||
| 300 |
_axiii, 70 p. : _bill. chart ; _c30 cm. |
||
| 500 | _aMS thesis of Department of Soil Science, Faculty of Agriculture, Sher-e-Bangla Agricultural University, Dhaka, Bangladesh | ||
| 504 | _aIncludes bibliographical reference. | ||
| 590 | _aKobir | ||
| 650 | _aSoil Science | ||
| 650 | _aTomato | ||
| 650 | _aLycopersicon esculentum | ||
| 700 |
_aShamsuddoha, A.T.M. _eSuperviser |
||
| 700 |
_aHossain, Mohammad Mosharraf _eCo-superviser |
||
| 856 | _uhttp://archive.saulibrary.edu.bd:8080/xmlui/handle/123456789/4123 | ||
| 942 |
_2ddc _cTHESIS |
||
| 999 |
_c15972 _d15971 |
||